00666nam a2200205Ia 4500008004100000020001400041040001900055041001200074082002600086100001800112245007600130260004100206300001900247504003400266700001600300850002000316942000700336999001700343952010000360131103s9999 xx 000 0 und d a706234987 aLoreto College aEnglish a420.7/MARbLCBED/8435 aMartin, Nancy aWriting and learning across the curriculum11-16cNancy Martin 7& others aEnglandbWard Lock Educationalc1976 a176p. c 23cm. aIncludes bibliography & index aD'Arcy, Pat aLCBED/420.7/MAR cBK c27731d78210 00104070aMAINbMAINd2013-11-04l0o420.7/MAR LCBED/8435pB30576r2013-11-04w2013-11-04yBK